[Event "Mecklenburg VP-ch U16 Girls"]
[Site "Malchow"]
[Date "2015.02.??"]
[Round "1.3"]
[White "Joers, Pia Milena"]
[Black "Kummer, Birte"]
[Result "1/2-1/2"]
[WhiteElo "1384"]
[BlackElo "1293"]
[PlyCount "76"]
[EventDate "2015.02.04"]
[EventType "tourn"]
[EventRounds "7"]
[EventCountry "GER"]
[SourceTitle "EXT 2022"]
[Source "ChessBase"]
[SourceDate "2021.10.06"]
[SourceVersion "1"]
[SourceVersionDate "2021.10.06"]
[SourceQuality "1"]

1. d4 Nf6 2. c4 d5 3. Nc3 dxc4 4. e4 c5 5. d5 Qa5 6. Bd2 b5 7. Qc2 e6 8. dxe6 Bxe6 9. Nf3 Nc6 10. Be2 Be7 11. 0-0 0-0 12. a4 b4 13. Nd1 b3 14. Qb1 Qc7 15. Ne3 Nd4 16. Re1 Rfd8 17. Bc3 Qf4 18. Bxd4 cxd4 19. Nxc4 Nxe4 20. Bd3 Nf6 21. Qd1 Bb4 22. Ncd2 Bg4 23. Be4 Bxf3 24. Qxf3 Qxf3 25. Nxf3 Bxe1 26. Bxa8 Bxf2+ 27. Kxf2 Rxa8 28. Nxd4 Ne4+ 29. Ke3 Nc5 30. Kd2 Rd8 31. Kc3 Ne4+ 32. Kc4 Nd2+ 33. Kd3 f5 34. Kxd2 Rxd4+ 35. Kc3 Re4 36. Kxb3 Kf7 37. Rf1 Ke6 38. Rf2 g5 1/2-1/2

[Event "Mecklenburg VP-ch U16 Girls"]
[Site "Malchow"]
[Date "2015.02.??"]
[Round "2.2"]
[White "Kummer, Birte"]
[Black "Zoll, Cindy"]
[Result "1-0"]
[WhiteElo "1293"]
[BlackElo "1372"]
[PlyCount "61"]
[EventDate "2015.02.04"]
[EventType "tourn"]
[EventRounds "7"]
[EventCountry "GER"]
[SourceTitle "EXT 2022"]
[Source "ChessBase"]
[SourceDate "2021.10.06"]
[SourceVersion "1"]
[SourceVersionDate "2021.10.06"]
[SourceQuality "1"]

1. e4 e6 2. d4 d5 3. exd5 exd5 4. Nf3 Bd6 5. c3 Qe7+ 6. Be2 Nf6 7. Bg5 0-0 8. 0-0 h6 9. Bh4 Be6 10. Re1 Nbd7 11. Bd3 Qd8 12. Bc2 Re8 13. Qd3 Be7 14. Nbd2 Nf8 15. Ne5 Ng4 16. Bg3 Bh4 17. Nxg4 Bxg3 18. Nxh6+ gxh6 19. Qxg3+ Kh8 20. Qf4 Kg7 21. Re3 Ng6 22. Rg3 Qf6 23. Qxc7 Re7 24. Qe5 Qxe5 25. dxe5 Bd7 26. Re1 Rae8 27. f4 Kf8 28. Bxg6 fxg6 29. Rxg6 Re6 30. Rxe6 Bxe6 31. f5 1-0

[Event "GER-chT North U14"]
[Site "Magdeburg"]
[Date "2014.09.14"]
[Round "7.3"]
[White "Bobenko, Konstantin"]
[Black "Kummer, Birte"]
[Result "1-0"]
[WhiteElo "1338"]
[BlackElo "1271"]
[PlyCount "134"]
[EventDate "2014.09.11"]
[EventType "team-swiss"]
[EventRounds "7"]
[EventCountry "GER"]
[SourceTitle "EXT 2016"]
[Source "ChessBase"]
[SourceDate "2015.10.08"]
[SourceVersion "1"]
[SourceVersionDate "2015.10.08"]
[SourceQuality "1"]
[WhiteTeam "Potsdam Empor"]
[BlackTeam "Schwerin"]
[WhiteTeamCountry "GER"]
[BlackTeamCountry "GER"]

1. e4 e5 2. Nf3 d6 3. Nc3 Nf6 4. Bc4 Be7 5. d3 0-0 6. Be3 h6 7. h3 Re8 8. Qd2 a6 9. Ne2 Bf8 10. Ng3 d5 11. exd5 Nxd5 12. 0-0 Nc6 13. Ne4 Bf5 14. Nc3 Nxc3 15. Qxc3 b5 16. Bxf7+ Kxf7 17. Qxc6 Qd6 18. Qc3 Rac8 19. Nh4 Be6 20. Nf3 Bd5 21. Nd2 Qg6 22. f3 Bd6 23. Ne4 Bxe4 24. fxe4+ Kg8 25. Rf2 c6 26. Bc5 Bxc5 27. Qxc5 Qe6 28. Qc3 Rf8 29. Qb3 Rce8 30. Raf1 Rxf2 31. Rxf2 Kh7 32. Qxe6 Rxe6 33. Rf7 a5 34. Kf2 Kg8 35. Rf3 a4 36. a3 Rd6 37. Ke3 c5 38. c3 g6 39. g3 Kg7 40. g4 Rd7 41. h4 Rd6 42. Rf1 Rd7 43. g5 hxg5 44. hxg5 Rd6 45. Rf3 Re6 46. Rf2 Rd6 47. Rf3 Re6 48. d4 exd4+ 49. cxd4 cxd4+ 50. Kxd4 Re7 51. Rc3 Kf7 52. Rc5 Rb7 53. Kc3 Ke6 54. Kb4 Rd7 55. Kxb5 Rd4 56. Rc4 Rxc4 57. Kxc4 Ke5 58. Kd3 Kf4 59. Kd4 Kxg5 60. Ke5 Kh4 61. Kd5 g5 62. e5 g4 63. e6 g3 64. e7 g2 65. e8Q g1Q 66. Qh8+ Kg3 67. Qg7+ Kf2 1-0

[Event "GER-chT North U14"]
[Site "Magdeburg"]
[Date "2014.09.12"]
[Round "4.3"]
[White "Kummer, Birte"]
[Black "Petri, Ben Luca"]
[Result "1-0"]
[WhiteElo "1271"]
[BlackElo "1218"]
[PlyCount "81"]
[EventDate "2014.09.11"]
[EventType "team-swiss"]
[EventRounds "7"]
[EventCountry "GER"]
[SourceTitle "EXT 2016"]
[Source "ChessBase"]
[SourceDate "2015.10.08"]
[SourceVersion "1"]
[SourceVersionDate "2015.10.08"]
[SourceQuality "1"]
[WhiteTeam "Schwerin"]
[BlackTeam "Delmenhorst"]
[WhiteTeamCountry "GER"]
[BlackTeamCountry "GER"]

1. e4 e6 2. Bc4 d5 3. exd5 exd5 4. Bb3 Nf6 5. d4 Be7 6. Nf3 0-0 7. 0-0 Bg4 8. h3 Bh5 9. Bf4 Bd6 10. Bxd6 Qxd6 11. c3 c6 12. Qd3 Nbd7 13. Nbd2 Bg6 14. Qe2 Rfe8 15. Qd1 Re7 16. Bc2 Bxc2 17. Qxc2 Rae8 18. Rfe1 Ne4 19. Nxe4 dxe4 20. Nd2 e3 21. Rxe3 Rxe3 22. fxe3 Rxe3 23. Nc4 Qe7 24. Nxe3 Qxe3+ 25. Qf2 Qh6 26. Rf1 Qg6 27. Qf5 Qxf5 28. Rxf5 g6 29. Rf3 Kg7 30. Re3 Kf6 31. Kf2 h5 32. Re8 a6 33. Rc8 Ke6 34. Rc7 Kd6 35. Rxb7 f6 36. Ra7 Nb8 37. Rh7 Nd7 38. Rh8 c5 39. Ra8 cxd4 40. cxd4 Kc6 41. Rxa6+ 1-0

[Event "GER-ch U14 Girls"]
[Site "Magdeburg"]
[Date "2014.06.12"]
[Round "7"]
[White "Kummer, Birte"]
[Black "Caliebe, Nanke"]
[Result "1/2-1/2"]
[WhiteElo "1297"]
[BlackElo "1272"]
[PlyCount "79"]
[EventDate "2014.06.08"]
[EventType "swiss"]
[EventRounds "9"]
[EventCountry "GER"]
[SourceTitle "CBM 160 Extra"]
[Source "ChessBase"]
[SourceDate "2014.07.01"]
[SourceVersion "1"]
[SourceVersionDate "2014.07.01"]
[SourceQuality "1"]

1. e4 c5 2. Nf3 e6 3. d4 cxd4 4. Nxd4 a6 5. Nc3 Nc6 6. Be3 Bb4 7. Bd3 Qc7 8. Nxc6 Bxc3+ 9. bxc3 Qxc6 10. Bd4 f6 11. Qg4 g6 12. e5 f5 13. Qg5 b5 14. Be2 Bb7 15. Bf3 Qc7 16. Bxb7 Qxb7 17. 0-0 Qc7 18. Rfd1 Qd8 19. Qxd8+ Rxd8 20. a4 Ne7 21. axb5 axb5 22. Rab1 Rb8 23. c4 b4 24. c3 Nc6 25. cxb4 Rxb4 26. Rxb4 Nxb4 27. Bc3 Nc6 28. Kf1 Ke7 29. Rb1 Rb8 30. Rxb8 Nxb8 31. Ke2 Nc6 32. Kf3 g5 33. h3 h6 34. Ke3 Kf7 35. g3 Kg6 36. g4 h5 37. f3 h4 38. Kd3 Kf7 39. Ke3 Kg6 40. Kd3 1/2-1/2

[Event "GER-ch U14 Girls"]
[Site "Magdeburg"]
[Date "2014.06.10"]
[Round "4"]
[White "Duan, Muxi"]
[Black "Kummer, Birte"]
[Result "1/2-1/2"]
[WhiteElo "1052"]
[BlackElo "1297"]
[PlyCount "118"]
[EventDate "2014.06.08"]
[EventType "swiss"]
[EventRounds "9"]
[EventCountry "GER"]
[SourceTitle "CBM 160 Extra"]
[Source "ChessBase"]
[SourceDate "2014.07.01"]
[SourceVersion "1"]
[SourceVersionDate "2014.07.01"]
[SourceQuality "1"]

1. e4 e5 2. Nf3 d6 3. d4 exd4 4. Nxd4 Nf6 5. Nc3 Be7 6. Bc4 0-0 7. 0-0 Re8 8. f4 Bf8 9. Re1 a6 10. a4 Nbd7 11. b4 d5 12. Nxd5 Nxd5 13. Bxd5 c6 14. Bb3 Bxb4 15. Bd2 Bc5 16. Bc3 Nf6 17. e5 Nd5 18. Bxd5 Qxd5 19. Kf1 Bxd4 20. Qxd4 Be6 21. Qxd5 Bxd5 22. Bd4 b5 23. Kf2 Kf8 24. Bc5+ Kg8 25. g4 h6 26. f5 Kh7 27. Kg3 g6 28. fxg6+ Kxg6 29. h4 Re6 30. Kf4 f6 31. h5+ Kg7 32. Bd4 fxe5+ 33. Bxe5+ Kh7 34. g5 hxg5+ 35. Kxg5 Rg8+ 36. Kh4 Rge8 37. axb5 Rxe5 38. Rxe5 Rxe5 39. bxa6 c5 40. c4 Bc6 41. a7 Re8 42. Ra5 Re4+ 43. Kg5 Re5+ 44. Kg4 Ba8 45. Rb5 Re7 46. Ra5 Rf7 47. Kg5 Rd7 48. Kf6 Kh6 49. Ke6 Rc7 50. Kd6 Rc6+ 51. Kd7 Kh7 52. Rb5 Ra6 53. Rxc5 Rxa7+ 54. Kd6 Kh6 55. Re5 Rg7 56. c5 Rg5 57. Re6+ Kxh5 58. c6 Bxc6 59. Kxc6 Rg6 1/2-1/2

[Event "GER-ch U14 Girls"]
[Site "Magdeburg"]
[Date "2014.06.10"]
[Round "5"]
[White "Wallat, Jessica"]
[Black "Kummer, Birte"]
[Result "1-0"]
[WhiteElo "1519"]
[BlackElo "1297"]
[PlyCount "43"]
[EventDate "2014.06.08"]
[EventType "swiss"]
[EventRounds "9"]
[EventCountry "GER"]
[SourceTitle "CBM 160 Extra"]
[Source "ChessBase"]
[SourceDate "2014.07.01"]
[SourceVersion "1"]
[SourceVersionDate "2014.07.01"]
[SourceQuality "1"]

1. d4 d5 2. Nf3 Bf5 3. e3 Nf6 4. Bd3 Bxd3 5. Qxd3 Nc6 6. c3 e6 7. Nbd2 Bd6 8. 0-0 0-0 9. e4 dxe4 10. Nxe4 Be7 11. Nfg5 Nxe4 12. Nxe4 Bf6 13. Qg3 Bh4 14. Qf3 Ne7 15. g3 Bf6 16. Nxf6+ gxf6 17. Qxf6 Ng6 18. Qf3 c6 19. Bh6 Re8 20. h4 Kh8 21. h5 Ne7 22. Qf6+ 1-0

[Event "GER-chT North U14"]
[Site "Magdeburg"]
[Date "2013.09.14"]
[Round "6.3"]
[White "Braun, Antonio"]
[Black "Kummer, Birte"]
[Result "1-0"]
[WhiteElo "1292"]
[BlackElo "1228"]
[PlyCount "75"]
[EventDate "2013.09.12"]
[EventType "team-swiss"]
[EventRounds "7"]
[EventCountry "GER"]
[SourceTitle "EXT 2014"]
[Source "ChessBase"]
[SourceDate "2013.11.20"]
[SourceVersion "1"]
[SourceVersionDate "2013.11.20"]
[SourceQuality "1"]
[WhiteTeam "Magdeburg Aufbau Elbe"]
[BlackTeam "Schwerin"]
[WhiteTeamCountry "GER"]
[BlackTeamCountry "GER"]

1. e4 e5 2. Nf3 Nf6 3. Nxe5 d6 4. Nf3 Nxe4 5. Nc3 Nxc3 6. dxc3 Be7 7. Bf4 0-0 8. Qd2 Bf5 9. 0-0-0 Nc6 10. Bc4 Bf6 11. Rdg1 a6 12. g4 Be4 13. Be2 Ne7 14. g5 Be5 15. h4 Ng6 16. Bxe5 Nxe5 17. Qf4 d5 18. Qxe5 Re8 19. Qd4 Bxc2 20. Bd3 Bxd3 21. Qxd3 Qd6 22. Kc2 Re7 23. Nd4 g6 24. h5 Rae8 25. hxg6 fxg6 26. Kd1 Qf4 27. Nf3 c6 28. Rh4 Qc7 29. Re1 Qb6 30. Rxe7 Rxe7 31. Qd2 Rf7 32. Qe2 Qa5 33. Qe8+ Rf8 34. Qe6+ Kg7 35. Qe7+ Rf7 36. Rxh7+ Kxh7 37. Qxf7+ Kh8 38. Ne5 1-0

[Event "GER-chT North U14"]
[Site "Magdeburg"]
[Date "2013.09.12"]
[Round "1.3"]
[White "Kummer, Birte"]
[Black "Fege, Julian"]
[Result "1-0"]
[WhiteElo "1228"]
[BlackElo "1440"]
[PlyCount "121"]
[EventDate "2013.09.12"]
[EventType "team-swiss"]
[EventRounds "7"]
[EventCountry "GER"]
[SourceTitle "EXT 2014"]
[Source "ChessBase"]
[SourceDate "2013.11.20"]
[SourceVersion "1"]
[SourceVersionDate "2013.11.20"]
[SourceQuality "1"]
[WhiteTeam "Schwerin"]
[BlackTeam "Weissensee Chemie"]
[WhiteTeamCountry "GER"]
[BlackTeamCountry "GER"]

1. e4 c5 2. Nf3 Nc6 3. d4 cxd4 4. Nxd4 Nf6 5. Nc3 e6 6. Bb5 Bb4 7. Bg5 e5 8. Nde2 h6 9. Bxc6 bxc6 10. Bd2 0-0 11. 0-0 d5 12. exd5 cxd5 13. Ng3 Bb7 14. a3 Bc5 15. Re1 Re8 16. Na4 Bb6 17. Nxb6 Qxb6 18. Bc3 d4 19. Bb4 a5 20. Bd2 e4 21. Qe2 e3 22. fxe3 dxe3 23. Bxe3 Qc6 24. Qf3 Qxf3 25. gxf3 Bxf3 26. Kf2 Bd5 27. Bd2 Ng4+ 28. Kg1 a4 29. h3 Ne5 30. Kf2 Rac8 31. Bc3 Nc4 32. Rxe8+ Rxe8 33. Bd4 Rb8 34. Nf5 Be4 35. Nxg7 Bxc2 36. Rc1 Bb3 37. Nh5 Kf8 38. Re1 f5 39. Bc5+ Kg8 40. Re7 Rb6 41. Bxb6 Nxb6 42. Rb7 Nc4 43. Ng3 Nxb2 44. Nxf5 Nc4 45. Nd4 Bd1 46. Nb5 Bc2 47. h4 Bd1 48. Ra7 Bb3 49. Ra6 Kg7 50. Kg3 h5 51. Kf4 Bd1 52. Nc3 Bc2 53. Nxa4 Nxa3 54. Nc5 Nc4 55. Ne6+ Kf7 56. Kg5 Bd1 57. Nf4 Ne5 58. Ra7+ Ke8 59. Nxh5 Nf7+ 60. Kg6 Be2 61. Nf6+ 1-0

[Event "GER-chT North U12"]
[Site "Magdeburg"]
[Date "2012.09.08"]
[Round "5.2"]
[White "Kummer, Birte"]
[Black "Brockmeyer, Tobias"]
[Result "1-0"]
[WhiteElo "1081"]
[BlackElo "1130"]
[PlyCount "59"]
[EventDate "2012.09.06"]
[EventType "team-swiss"]
[EventRounds "7"]
[EventCountry "GER"]
[SourceTitle "EXT 2015"]
[Source "ChessBase"]
[SourceDate "2014.11.20"]
[SourceVersion "1"]
[SourceVersionDate "2014.11.20"]
[SourceQuality "1"]
[WhiteTeam "Schwerin"]
[BlackTeam "Lehrte"]
[WhiteTeamCountry "GER"]
[BlackTeamCountry "GER"]

1. e4 c5 2. Nf3 Nc6 3. d4 cxd4 4. Nxd4 g6 5. Nc3 Bg7 6. Be3 Nf6 7. Be2 0-0 8. 0-0 e6 9. Nxc6 bxc6 10. Qd2 Re8 11. Rad1 d5 12. Bg5 Rb8 13. e5 Rxb2 14. exf6 Bxf6 15. Bxf6 Qxf6 16. Rb1 d4 17. Ne4 Qe5 18. Rxb2 Qxe4 19. Bf3 Qf5 20. Qxd4 Ba6 21. Rfb1 e5 22. Qxa7 e4 23. Qxa6 exf3 24. Qxc6 Re2 25. Qxf3 Qe6 26. h3 Qc4 27. Qd3 Qe6 28. Kf1 Re4 29. Qc3 Rc4 30. Rb8+ 1-0

[Event "GER-chT North U12"]
[Site "Magdeburg"]
[Date "2012.09.06"]
[Round "1.2"]
[White "Hoppe, Andreas"]
[Black "Kummer, Birte"]
[Result "1-0"]
[WhiteElo "1633"]
[BlackElo "1081"]
[PlyCount "65"]
[EventDate "2012.09.06"]
[EventType "team-swiss"]
[EventRounds "7"]
[EventCountry "GER"]
[SourceTitle "EXT 2015"]
[Source "ChessBase"]
[SourceDate "2014.11.20"]
[SourceVersion "1"]
[SourceVersionDate "2014.11.20"]
[SourceQuality "1"]
[WhiteTeam "Hagen"]
[BlackTeam "Schwerin"]
[WhiteTeamCountry "GER"]
[BlackTeamCountry "GER"]

1. e4 e5 2. Bc4 Nf6 3. d3 Be7 4. Nf3 Nc6 5. 0-0 0-0 6. Nbd2 d6 7. Re1 a6 8. c3 Bd7 9. Bb3 Qc8 10. Nf1 Be6 11. Ng3 Qd7 12. Bxe6 Qxe6 13. Nf5 Nd7 14. Bg5 Bxg5 15. Nxg5 Qg6 16. h4 h6 17. Nh3 Rfe8 18. Re3 Qf6 19. Rg3 Kf8 20. Rxg7 Ne7 21. Qg4 Nxf5 22. Rg8+ Ke7 23. Rxe8+ Rxe8 24. exf5 Nc5 25. d4 exd4 26. cxd4 Nd7 27. Nf4 Kd8 28. Nd5 Qh8 29. Qf4 Qg7 30. Rc1 c6 31. Qxd6 Re2 32. Qc7+ Ke8 33. Qc8# 1-0

[Event "Rostock SSC 07 op 11th"]
[Site "Rostock"]
[Date "2012.08.05"]
[Round "7"]
[White "Lueth, Christian"]
[Black "Kummer, Birte"]
[Result "1-0"]
[WhiteElo "1433"]
[BlackElo "1082"]
[PlyCount "89"]
[EventDate "2012.08.01"]
[EventType "swiss"]
[EventRounds "7"]
[EventCountry "GER"]
[SourceTitle "EXT 2017"]
[Source "ChessBase"]
[SourceDate "2016.10.25"]
[SourceVersion "1"]
[SourceVersionDate "2016.10.25"]
[SourceQuality "1"]

1. d4 d5 2. c4 e6 3. Nc3 Be7 4. e3 Nf6 5. Nf3 0-0 6. Bd3 Nbd7 7. 0-0 c6 8. Bd2 Qc7 9. Qc2 e5 10. dxe5 Nxe5 11. Nxe5 Qxe5 12. cxd5 cxd5 13. Rfe1 Bd6 14. g3 d4 15. exd4 Qxd4 16. Ne4 h6 17. Bc3 Qb6 18. Nxf6+ gxf6 19. Bxf6 Rd8 20. Bxd8 Qxd8 21. Bh7+ Kf8 22. Rad1 Qf6 23. Qd2 Bc5 24. Qd8+ Qxd8 25. Rxd8+ Kg7 26. Rc1 b6 27. Bf5 Bb7 28. Rxa8 Bxa8 29. Bd3 a5 30. Re1 Bd5 31. b3 Bc6 32. a4 Bd5 33. Bc4 Bc6 34. Rd1 Be7 35. Bb5 Bf3 36. Rd3 Bg4 37. Bd7 Bh5 38. g4 Bg6 39. Bf5 Bc5 40. Bxg6 fxg6 41. Rd7+ Kg8 42. Kg2 g5 43. Kf3 Kh8 44. Ke4 Bxf2 45. Kf5 1-0

[Event "Rostock SSC 07 op 11th"]
[Site "Rostock"]
[Date "2012.08.03"]
[Round "4"]
[White "Goldmund, Heike"]
[Black "Kummer, Birte"]
[Result "1/2-1/2"]
[WhiteElo "1521"]
[BlackElo "1082"]
[PlyCount "48"]
[EventDate "2012.08.01"]
[EventType "swiss"]
[EventRounds "7"]
[EventCountry "GER"]
[SourceTitle "EXT 2017"]
[Source "ChessBase"]
[SourceDate "2016.10.25"]
[SourceVersion "1"]
[SourceVersionDate "2016.10.25"]
[SourceQuality "1"]

1. b4 d5 2. Bb2 Bf5 3. e3 e6 4. a3 Nf6 5. Nf3 Be7 6. Be2 Nbd7 7. 0-0 0-0 8. c4 c6 9. d3 b6 10. Qc2 Rc8 11. Nbd2 Qc7 12. h3 h6 13. Rac1 Bd6 14. e4 Bh7 15. Rfe1 b5 16. cxb5 cxb5 17. Qxc7 Bxc7 18. Nd4 Be5 19. Bf1 Rxc1 20. Rxc1 dxe4 21. dxe4 Nxe4 22. Nxe4 Bxe4 23. Bxb5 Rd8 24. Rd1 Nb6 1/2-1/2

[Event "GER-ch U12"]
[Site "Oberhof"]
[Date "2012.05.31"]
[Round "8"]
[White "Kummer, Birte"]
[Black "Christiansen, Anna"]
[Result "1-0"]
[WhiteElo "963"]
[BlackElo "924"]
[PlyCount "111"]
[EventDate "2012.05.27"]
[EventType "swiss"]
[EventRounds "11"]
[EventCountry "GER"]
[SourceTitle "CBM 148 Extra"]
[Source "ChessBase"]
[SourceDate "2012.06.22"]
[SourceVersion "1"]
[SourceVersionDate "2012.06.22"]
[SourceQuality "1"]

1. e4 e5 2. Bc4 Nc6 3. Nc3 Nf6 4. d3 Bc5 5. Nf3 d6 6. 0-0 Be6 7. Bxe6 fxe6 8. Ng5 Qe7 9. Nb5 0-0-0 10. a3 a6 11. Nc3 d5 12. Be3 d4 13. Na4 dxe3 14. Nxc5 h6 15. Ngxe6 Rd6 16. fxe3 Nd8 17. Nxd8 Rdxd8 18. b4 h5 19. Qf3 Rhf8 20. Qf5+ Nd7 21. Qxh5 Rxf1+ 22. Rxf1 Nxc5 23. bxc5 Qxc5 24. Qg4+ Kb8 25. Qxg7 Qxe3+ 26. Kh1 Qe2 27. Qf6 Ka7 28. Qf2+ Qxf2 29. Rxf2 Rd6 30. h4 Rh6 31. g3 Kb6 32. Rf5 Re6 33. g4 Kc6 34. Kg2 Kd6 35. Kg3 Ke7 36. g5 c5 37. c4 b5 38. h5 b4 39. axb4 cxb4 40. Rf2 b3 41. h6 Rg6 42. Kg4 b2 43. Rxb2 Kf7 44. Rb7+ Kg8 45. h7+ Kh8 46. Kf5 Rg7 47. Rxg7 Kxg7 48. g6 a5 49. c5 a4 50. c6 a3 51. c7 a2 52. h8Q+ Kxh8 53. c8Q+ Kg7 54. Qd7+ Kg8 55. Qf7+ Kh8 56. Qh7# 1-0

[Event "GER-ch U12"]
[Site "Oberhof"]
[Date "2012.05.27"]
[Round "1"]
[White "Kummer, Birte"]
[Black "Schirra, Maurice"]
[Result "0-1"]
[WhiteElo "963"]
[BlackElo "1575"]
[PlyCount "114"]
[EventDate "2012.05.27"]
[EventType "swiss"]
[EventRounds "11"]
[EventCountry "GER"]
[SourceTitle "CBM 148 Extra"]
[Source "ChessBase"]
[SourceDate "2012.06.22"]
[SourceVersion "1"]
[SourceVersionDate "2012.06.22"]
[SourceQuality "1"]

1. e4 e5 2. Bc4 Nf6 3. d4 exd4 4. Nf3 Bb4+ 5. Bd2 Bxd2+ 6. Qxd2 0-0 7. 0-0 Re8 8. e5 Ng4 9. Qxd4 Nh6 10. Nc3 Nc6 11. Qf4 Rf8 12. Rad1 Kh8 13. a3 f6 14. e6 d6 15. Rfe1 Ne5 16. Nxe5 fxe5 17. Qe4 Qf6 18. f3 Bxe6 19. Bd3 Bf5 20. Qxb7 Bxd3 21. Rxd3 Rfc8 22. Nd5 Qf7 23. b3 c6 24. Qxf7 Nxf7 25. Ne3 Re8 26. Nc4 d5 27. Nd2 Ng5 28. Rde3 Nf7 29. f4 e4 30. c4 Rac8 31. Rc1 Nd6 32. cxd5 cxd5 33. Rxc8 Rxc8 34. g4 Rc2 35. Nf1 d4 36. Re1 e3 37. Nxe3 dxe3 38. Rxe3 Kg8 39. Re7 Rc3 40. Rxa7 Rxb3 41. Ra8+ Kf7 42. Ra7+ Kf8 43. Ra8+ Ne8 44. Kf2 Rd3 45. h4 g6 46. Kg2 Re3 47. Ra7 h6 48. Rh7 Nf6 49. Rxh6 Kg7 50. Rxg6+ Kxg6 51. a4 Nxg4 52. a5 Ra3 53. a6 Rxa6 54. Kf3 Kf5 55. h5 Ra3+ 56. Kg2 Kxf4 57. h6 Ra2+ 0-1

[Event "GER-ch U12"]
[Site "Oberhof"]
[Date "2012.05.27"]
[Round "2"]
[White "Lohrmann, Tabea"]
[Black "Kummer, Birte"]
[Result "0-1"]
[WhiteElo "1339"]
[BlackElo "963"]
[PlyCount "94"]
[EventDate "2012.05.27"]
[EventType "swiss"]
[EventRounds "11"]
[EventCountry "GER"]
[SourceTitle "CBM 148 Extra"]
[Source "ChessBase"]
[SourceDate "2012.06.22"]
[SourceVersion "1"]
[SourceVersionDate "2012.06.22"]
[SourceQuality "1"]

1. e4 e5 2. Nf3 d6 3. Bc4 Be7 4. Nc3 Nf6 5. d3 0-0 6. Bg5 c6 7. Bxf6 Bxf6 8. 0-0 b5 9. Bb3 Re8 10. d4 Na6 11. dxe5 Bxe5 12. Nxe5 Rxe5 13. Qf3 Qe7 14. Rad1 Be6 15. Bxe6 Qxe6 16. Rd3 Nc5 17. Re3 b4 18. Ne2 Rxe4 19. Rxe4 Qxe4 20. Qxe4 Nxe4 21. f3 Nf6 22. Rd1 d5 23. Kf2 a5 24. Nf4 g5 25. Nd3 Nd7 26. Re1 Kf8 27. Ne5 Nb8 28. Ke3 c5 29. f4 f6 30. Ng4 Nd7 31. fxg5 Re8+ 32. Kf2 Rxe1 33. Kxe1 fxg5 34. Ke2 h5 35. Ne3 Nf6 36. h3 Kf7 37. Kf3 Ke6 38. g4 h4 39. Nf5 Ne4 40. Ne3 Nd2+ 41. Ke2 Nc4 42. Nd1 Ke5 43. Kf3 d4 44. b3 Nd2+ 45. Ke2 Ne4 46. Kf3 Nc3 47. Nxc3 bxc3 0-1